Central Library OPAC University of Rajshahi

নিরীক্ষা শাস্ত্র (Record no. 68928)

MARC details
000 -LEADER
fixed length control field 00869nam a2200253 a 4500
001 - CONTROL NUMBER
control field 68928
003 - CONTROL NUMBER IDENTIFIER
rucl marc code BD-RjUL
005 - DATE AND TIME OF LATEST TRANSACTION
control field 20211209081829.0
008 - FIXED-LENGTH DATA ELEMENTS--GENERAL INFORMATION
fixed length control field 170408s2000 bg ||||| |||| 00| 0 ben d
020 ## - INTERNATIONAL STANDARD BOOK NUMBER
Terms of availability : TK 105.00
035 ## - SYSTEM CONTROL NUMBER
System control number (BD-RjUL)69139
040 ## - CATALOGING SOURCE
Original cataloging agency BD-RjUL
Language of cataloging ben
Transcribing agency BD-RjUL
041 ## - LANGUAGE CODE
Language code of text/sound track or separate title ben
082 ## - DEWEY DECIMAL CLASSIFICATION NUMBER
Edition number 23
Classification number 657.45
Author mark and year ULN 2000
100 ## - MAIN ENTRY--PERSONAL NAME
Personal name উল্লাহ, ওয়ালী
9 (RLIN) 143398
245 10 - TITLE STATEMENT
Title নিরীক্ষা শাস্ত্র
Remainder of title = Auditing /
Statement of responsibility, etc. ওয়ালী উল্লাহ
250 ## - EDITION STATEMENT
Edition statement ৬ষ্ঠ সং.
260 ## - PUBLICATION, DISTRIBUTION, ETC. (IMPRINT)
Place of publication, distribution, etc. ঢাকা :
Name of publisher, distributor, etc. আবিদ পাবলিকেশন,
Date of publication, distribution, etc. ২০০০
300 ## - PHYSICAL DESCRIPTION
Pagination ৬২৪ পৃ.
Size ১৯ সেমি.
504 ## - BIBLIOGRAPHY, ETC. NOTE
Bibliography, etc গ্রন্থপন্জি সংযুক্ত
650 ## - SUBJECT ADDED ENTRY--TOPICAL TERM
Topical term or geographic name as entry element নিরীক্ষণ
9 (RLIN) 118704
Topical term or geographic name as entry element Auditing
9 (RLIN) 143399
942 ## - ADDED ENTRY ELEMENTS (KOHA)
Source of classification or shelving scheme Dewey Decimal Classification
Koha item type Books
Holdings
Lost status Source of classification or shelving scheme Damaged status Not for loan Collection code Permanent Location Current Location Shelving location Date acquired Source of acquisition Cost, normal purchase price Total Checkouts Full call number Date last seen Copy number Koha item type
  Dewey Decimal Classification   Not For Loan Non-fiction Central Library, University of Rajshahi Central Library, University of Rajshahi Reading Room 28/06/2001 Author 105.00   B 657.45 ULA 2000 08/04/2017 C-1 Books